লোডিং...

Higher Engineering Mathematics

গ্রন্থ-পঞ্জীর বিবরন
প্রধান লেখক: Grewal, B S (Author)
অন্যান্য লেখক: Grewal, J S
বিন্যাস: Printed Book
ভাষা:English
প্রকাশিত: Delhi Khanna Publishers 2004
সংস্করন:37th ed.
বিষয়গুলি:
LEADER 00788nam a22002057a 4500
005 20200730135132.0
008 100902t xxu||||| |||| 00| 0 eng d
082 |a 51:62  |b GRE' 04 
100 |a Grewal, B S  |e Author  |9 1408 
245 |a Higher Engineering Mathematics  |c Grewal, B S 
250 |a 37th ed. 
300 |a xi, 1232p. 
653 |a Engineering Mathematics 
700 |a Grewal, J S  |9 1407 
942 |c TB  |6 _ 
260 |a Delhi  |b Khanna Publishers  |c 2004 
020 |a 81-7409-195-5 
999 |c 182686  |d 182686 
952 |0 0  |1 0  |2 udc  |4 0  |6 5162_GRE04  |7 0  |9 235551  |a PSR  |b PSR  |d 2010-09-02  |l 1  |o 51:62 GRE' 04  |p PS003157  |r 2019-01-15  |s 2019-01-15  |w 2010-09-02  |y TB 
952 |0 0  |1 0  |2 udc  |4 0  |6 5162_GRE041  |7 0  |9 235552  |a PSR  |b PSR  |d 2010-09-02  |l 5  |o 51:62 GRE' 04;1  |p PS003176  |r 2019-11-18  |s 2019-08-30  |t 1  |w 2010-09-02  |y REF